Banderas de Países que están la Copa Mundial de la FIFA del 2022 - Estadísticas

Estadísticas generales
  • Esta prueba ha sido intentada 365 veces
    320 desde el último reinicio
  • La puntuación promedio es 29 de 32
Estadísticas de respuestas
Imagen Respuesta % Correcto
Brasil
99%
Alemania
98%
Francia
96%
Inglaterra
96%
España
95%
Irán
95%
Polonia
95%
Bélgica
93%
Corea del Sur
93%
Estados Unidos
93%
Japón
93%
Arabia Saudita
92%
Argentina
92%
Canadá
92%
Croacia
92%
Marruecos
92%
México
92%
Portugal
92%
Serbia
92%
Suiza
92%
Uruguay
92%
Ecuador
91%
Senegal
91%
Dinamarca
89%
Países Bajos
89%
Australia
88%
Katar
87%
Camerún
86%
Costa Rica
86%
Gales
86%
Ghana
84%
Túnez
84%
No se encontraron pruebas coincidentes
Distribución de puntuación
Porcentaje de gente con cada puntuación
Porcentaje por número respondido
Historial de tus puntuaciones
No has intentado esta prueba desde el último reinicio